00605cam a22001934a 450000500170000001000170001702000240003403500170005803700270007504200100010208200140011210000210012624501120014726000380025930000490029765000180034670000240036470000230038820110811160012.0 aB-428650-651 a8189738178c1495.00 aB-428650-651 bResearchco Book Centre alcode a793.319541 aGauhar, Ranjana.10aOdissi, the dance divine /cRanjana Gauhar ; photographs by Dushyant Parasher ; [editor, Alka Raghuvanshi]. aNew Delhi :bNiyogi Books,c2007. a143 p. :bill. (chiefly col.) ;c31 cm. (Hb) 0aOdissi dance.1 aParasher, Dushyant.1 aRaghuvanshi, Alka.